| 000 | 00944nam a22003730a 4500 | ||
|---|---|---|---|
| 001 | PT32401 | ||
| 003 | AR-LpoUNG | ||
| 005 | 20210131225941.0 | ||
| 008 | 191001s2008||||ag |||||||||||||||||spa d | ||
| 020 |
_a9789509030589 _c$11.25 |
||
| 040 |
_aAR-LpoUNG _bspa _cAR-LpoUNG _eaacr |
||
| 041 | _aspa | ||
| 044 | _aag | ||
| 082 | 0 | _a982.063 279mon | |
| 100 | 1 | _aLanghi, Esteban | |
| 245 | 1 | 0 |
_aMontoneros - Cámpora : _bun encuentro histórico |
| 250 | _a1ra ed. | ||
| 260 |
_aBuenos Aires : _bLibros del Sur, _c2008. |
||
| 300 |
_a155 p. : _bfot. |
||
| 650 | 4 | _aANALISIS HISTORICO | |
| 650 | 4 | _aARGENTINA | |
| 650 | 4 | _aGUERRILLEROS | |
| 650 | 4 | _aHISTORIA POLITICA | |
| 650 | 4 | _aIGLESIA CATOLICA | |
| 650 | 4 | _aPROBLEMAS SOCIALES | |
| 650 | 4 | _aREVOLUCION | |
| 650 | 4 | _aSINDICALISMO | |
| 651 | 4 | _aArgentina | |
| 653 | _aCORDOBAZO | ||
| 653 | _aJUVENTUD PERONISTA | ||
| 653 | _aPERONISMO | ||
| 905 | _a32401 | ||
| 942 | _cLIB | ||
| 999 |
_c676 _d676 |
||